Cuando las panteras no eran negras /
En un tiempo en que cazar era lo que daba sentido a la vida, una joven pantera queda huérfana cuando su madre ataca a un búfalo. Inicia entonces un viaje en busca de su identidad, durante el cual enfrentará los retos y peligros de la vida en la selva.
Guardado en:
| Autor Principal: | |
|---|---|
| Otros Autores: | |
| Formato: | Libro |
| Idioma: | Undetermined |
| Publicado: |
México :
Fondo de Cultura Económica,
2010.
|
| Edición: | 1a ed. |
| Series: | A la orilla del viento ;
205 |
| Materias: | |
| Etiquetas: |
Agregar Etiqueta
Sin Etiquetas, Sea el primero en etiquetar este registro!
|
| LEADER | 00983nam a22002295a 4500 | ||
|---|---|---|---|
| 001 | CEM.cems024970 | ||
| 008 | 251106s2010####mx############000#0#und#d | ||
| 005 | 20251106141249.0 | ||
| 245 | 1 | 0 | |a Cuando las panteras no eran negras / |c Fabio Morábito ; ilustrado por Abraham Balcázar. |
| 250 | |a 1a ed. | ||
| 260 | |a México : |b Fondo de Cultura Económica, |c 2010. | ||
| 300 | |a 102 p. | ||
| 490 | 1 | |a A la orilla del viento ; |v 205 | |
| 520 | |a En un tiempo en que cazar era lo que daba sentido a la vida, una joven pantera queda huérfana cuando su madre ataca a un búfalo. Inicia entonces un viaje en busca de su identidad, durante el cual enfrentará los retos y peligros de la vida en la selva. | ||
| 020 | |a 9786071602039 | ||
| 100 | 1 | |a Morábito, Fabio. | |
| 700 | 1 | |a Balcázar, Abraham; il. | |
| 653 | |a Literatura italiana | ||
| 653 | |a Literatura juvenil | ||
| 653 | |a Novela juvenil | ||
| 653 | |a Literatura juvenil | ||
| 859 | |a CEMS |b BIB. CEMS - 11 de abril |h 858.9 |i M79-1 |p 30496.25 |t Ej.1 | ||
